| 000 | 00000cam 2200000zi 4500 |
| 001 | 9.882513 |
| 003 | CaOODSP |
| 005 | 20260504132345 |
| 006 | m o d f |
| 007 | cr ||||||||||| |
| 008 | 191129e20191220qucb o f000 0 fre d |
| 020 | |a9780660333755 |
| 040 | |aCaOODSP|bfre|erda|cCaOODSP |
| 043 | |an-cn-nu |
| 086 | 1 |aP4-91/2019F-PDF |
| 245 | 00|aGuide sur les marchés de l’État dans la région du Nunavut. |
| 264 | 1|a[Gatineau, Québec] : |bServices publics et Approvisionnement Canada = Public Services and Procurement Canada, |c20 décembre 2019. |
| 300 | |a1 ressource en ligne (iii, 49 pages) : |bcarte |
| 336 | |atexte|btxt|2rdacontent/fre |
| 337 | |ainformatique|bc|2rdamedia/fre |
| 338 | |aressource en ligne|bcr|2rdacarrier/fre |
| 500 | |aPublié aussi en anglais sous le titre : Guide on government contracts in the Nunavut settlement area. |
| 500 | |aTitre de la couverture. |
| 520 | |a« Par la directive, le Canada respecte son engagement à concevoir, mettre en application et maintenir des politiques d’approvisionnement favorables aux entreprises inuites pour tous les marchés de l’État et les baux immobiliers nécessaires à ses activités dans la région du Nunavut. Le but du présent guide pangouvernemental est à la fois d’opérationnaliser la directive et de fournir des lignes directrices précises concernant les pratiques exemplaires afin de répondre à ses exigences »--Introduction, page 3. |
| 650 | 6|aApprovisionnement public|zNunavut. |
| 650 | 6|aContrats administratifs|zNunavut. |
| 710 | 1 |aCanada. |bServices publics et approvisionnement Canada, |eorganisme de publication. |
| 775 | 08|tGuide on government contracts in the Nunavut settlement area.|w(CaOODSP)9.882512 |
| 856 | 40|qPDF|s1.22 Mo|uhttps://publications.gc.ca/collections/collection_2021/spac-pspc/P4-91-2019-fra.pdf |